Most Popular Songs in USA 7/6/2024 - Statistics

General Stats
  • This quiz has been taken 6 times
  • The average score is 10 of 15
Answer Stats
Rank Artist (Version) Answer Streams Radio Airplay Sales % Correct
4. Sabrina Carpenter Espresso 32.2 Million 57.2 Million 5.5 Thousand
83%
1. Post Malone, Morgan Wallen I Had Some Help 39.1 Million 77.9 Million 12 Thousand
83%
3. Kendrick Lamar Not Like Us 45.9 Million 38.4 Million 8.5 Thousand
83%
5. Sabrina Carpenter Please Please Please 39.6 Million 9.9 Million 5.5 Thousand
83%
7. Hozier Too Sweet 20.8 Million 72.9 Million 6 Thousand
83%
2. Shaboozey A Bar Song (Tipsy) 40.5 Million 55.7 Million 22 Thousand
67%
8. Benson Boone Beautiful Things 21.8 Million 55.6 Million 6 Thousand
67%
10. Billie Eilish Birds Of A Feather 24 Million 9.1 Million 3 Thousand
67%
11. Chapelle Roan Good Luck, Babe 21 Million 13.1 Million 3.5 Thousand
67%
9. Teddy Swims Lose Control 21.2 Million 61.3 Million 5 Thousand
67%
6. Tommy Richman Million Dollar Baby 33.1 Million 59.8 Million 4.5 Thousand
67%
14. Metro Boomin, Future, Kendrick Lamar Like That 17.4 Million 29.3 Million 1.5 Thousand
50%
13. Zach Bryan Pink Skies 22.1 Million 0.7 Million 4.5 Thousand
50%
15. Morgan Wallen, ERNEST Cowgirls 16.2 Million 30.8 Million 2.5 Thousand
33%
12. Post Malone, Blake Shelton Pour Me A Drink 19.3 Million 3.4 Million 17 Thousand
33%
No matching quizzes found
Score Distribution
Percent of People with Each Score
Percentile by Number Answered
Your Score History
You have not taken this quiz